000 00561cam a2200145 4500500
005 20260111093407.0
041 _afre
042 _adc
100 1 0 _aMiossec, Alain
_eauthor
245 0 0 _aPaul Claval, Penser le monde en géographe, soixante ans de réflexion. L’Harmattan, collection Géographie et Cultures. 265 pages, 2015, 28€
260 _c2016.
500 _a40
786 0 _nLa Géographie | 1560 | 1 | 2016-01-01 | p. 53b-53b | 1964-9002
856 4 1 _uhttps://shs.cairn.info/revue-la-geographie-2016-1-page-53b?lang=fr&redirect-ssocas=7080
999 _c1626251
_d1626251